000 00665nam a22002177a 4500
005 20250718151029.0
010 _aENG-146039
020 _c295.00
_a9788198111166
035 _aEN-129571
037 _bDBAD
082 _aS
100 _aPinto, Xavier
_983086
245 _aRhapsody and Prism:
_bISC Collection of Short Stories & Poems/
_cXavier Pinto [and] P.S. latika
260 _aNew Delhi
_bBeeta Publications
_c2025
270 _a4626/18, Ansari Road, Darya Ganj
_bNew Delhi
_e110002
_k23244660
_l23246113
300 _a160p.
_c25cm(pb)
490 _vPart 1
500 _aFor Class 11
700 _aP.S. latika
_eAuthor
_983081
942 _2ddc
_cEN
_hS
_mPIN
999 _c212434
_d212434